[Event "POL-ch Academic"]
[Site "Chorzow"]
[Date "2022.04.02"]
[Round "7"]
[White "Szustakowski, Antoni"]
[Black "Kulas, Szymon"]
[Result "1-0"]
[WhiteElo "2169"]
[BlackElo "2013"]
[PlyCount "120"]
[EventDate "2022.04.01"]
[EventType "swiss (rapid)"]
[EventRounds "9"]
[EventCountry "POL"]
[SourceTitle "EXT 2024"]
[Source "ChessBase"]
[SourceDate "2023.10.10"]
[SourceVersion "1"]
[SourceVersionDate "2023.10.10"]
[SourceQuality "1"]

1. d4 Nf6 2. c4 g6 3. Nc3 Bg7 4. e4 d6 5. Be2 0-0 6. Nf3 Bg4 7. 0-0 Nfd7 8. Be3 Nc6 9. d5 Bxf3 10. Bxf3 Na5 11. Be2 b6 12. Qd2 Nb7 13. b4 a5 14. a3 e6 15. dxe6 fxe6 16. Rac1 axb4 17. axb4 Qe7 18. Nb5 c6 19. Nd4 Rfc8 20. Bg4 Nf8 21. Nf3 c5 22. b5 Ra4 23. Rfd1 Rca8 24. e5 d5 25. Bg5 Qe8 26. Bf6 dxc4 27. Ng5 c3 28. Qe2 Rd4 29. Qf3 Ra7 30. Bxg7 Kxg7 31. Nxe6+ Nxe6 32. Qf6+ Kh6 33. Bxe6 Nd8 34. Bh3 Qe7 35. Qxb6 Nf7 36. Rxd4 cxd4 37. Qxd4 Rc7 38. Rxc3 Rxc3 39. Qxc3 Nxe5 40. Qe3+ Kg7 41. g3 Qd6 42. Bf1 Nd7 43. Bc4 Nb6 44. Be2 Qf6 45. Qc5 Qa1+ 46. Kg2 Qf6 47. Qc7+ Kg8 48. Qc6 Qd4 49. Qe6+ Kg7 50. Bf3 Nc4 51. Qe7+ Kh6 52. Qh4+ Qxh4 53. gxh4 Kg7 54. Kg3 Kf6 55. Kf4 h6 56. Be2 Nb6 57. Ke4 Ke6 58. f4 Kf6 59. Bg4 Na4 60. Kd5 Nc3+ 1-0

[Event "POL-ch Academic"]
[Site "Chorzow"]
[Date "2021.05.15"]
[Round "7.5"]
[White "Raczynski, Krzysztof"]
[Black "Kulas, Szymon"]
[Result "1-0"]
[WhiteElo "2212"]
[BlackElo "2215"]
[PlyCount "81"]
[EventDate "2021.05.14"]
[EventType "swiss (rapid)"]
[EventRounds "9"]
[EventCountry "POL"]
[SourceTitle "CBM 202 Extra"]
[Source "ChessBase"]
[SourceDate "2021.07.31"]
[SourceVersion "1"]
[SourceVersionDate "2021.07.31"]
[SourceQuality "1"]

1. e4 c5 2. Nf3 Nc6 3. d3 g6 4. g3 Bg7 5. Bg2 d6 6. 0-0 Rb8 7. c3 Bg4 8. Nbd2 e6 9. h3 Bxf3 10. Nxf3 Nge7 11. Be3 0-0 12. Qd2 b5 13. Bh6 b4 14. h4 bxc3 15. bxc3 Qa5 16. Rac1 Kh8 17. h5 Ng8 18. Bf4 Ne5 19. h6 Nxf3+ 20. Bxf3 Be5 21. Be3 Rfd8 22. Rfd1 d5 23. exd5 exd5 24. d4 cxd4 25. Bxd4 f6 26. Bxe5 fxe5 27. Qg5 Qc7 28. Rxd5 Rxd5 29. Bxd5 Qe7 30. Qe3 Nf6 31. Bf3 Re8 32. c4 e4 33. Be2 Qc7 34. c5 Nd7 35. Qd4+ Ne5 36. Qxe4 Qf7 37. Qd4 Kg8 38. c6 Qc7 39. f4 Nxc6 40. Rxc6 Qxc6 41. Qg7# 1-0

[Event "Rubinstein Memorial 52nd"]
[Site "Polanica Zdroj"]
[Date "2016.08.28"]
[Round "9"]
[White "Kulas, Szymon"]
[Black "Kucza, Karol"]
[Result "1-0"]
[WhiteElo "2210"]
[BlackElo "2307"]
[PlyCount "71"]
[EventDate "2016.08.20"]
[EventType "swiss"]
[EventRounds "10"]
[EventCountry "POL"]
[SourceTitle "CBM 174 Extra"]
[Source "ChessBase"]
[SourceDate "2016.10.10"]
[SourceVersion "1"]
[SourceVersionDate "2016.10.10"]
[SourceQuality "1"]

1. d4 d5 2. Nf3 Nf6 3. c4 c6 4. Nc3 e6 5. Qd3 dxc4 6. Qxc4 b5 7. Qd3 Nbd7 8. e4 b4 9. Na4 c5 10. dxc5 Nxc5 11. Nxc5 Bxc5 12. Qxd8+ Kxd8 13. Bg5 h6 14. Rc1 Bb6 15. Bh4 Bb7 16. e5 Bxf3 17. exf6 g5 18. Bg3 Bd5 19. Bd6 Rc8 20. Be7+ Kd7 21. Bb5+ Bc6 22. 0-0 Bd4 23. Rxc6 Rxc6 24. Rc1 Rhc8 25. Rc2 g4 26. Kf1 Be5 27. h3 gxh3 28. gxh3 a6 29. Ba4 h5 30. Ke2 a5 31. Ke3 Bh2 32. f4 Bg3 33. Ke4 R8c7 34. f5 Bh4 35. Rc5 Bf2 36. fxe6+ 1-0

[Event "Rubinstein Memorial 52nd"]
[Site "Polanica Zdroj"]
[Date "2016.08.25"]
[Round "6"]
[White "Kulas, Szymon"]
[Black "Praczukowski, Stanislaw"]
[Result "1-0"]
[WhiteElo "2210"]
[BlackElo "2096"]
[PlyCount "89"]
[EventDate "2016.08.20"]
[EventType "swiss"]
[EventRounds "10"]
[EventCountry "POL"]
[SourceTitle "CBM 174 Extra"]
[Source "ChessBase"]
[SourceDate "2016.10.10"]
[SourceVersion "1"]
[SourceVersionDate "2016.10.10"]
[SourceQuality "1"]

1. e4 e6 2. d4 d5 3. Nd2 Nf6 4. e5 Nfd7 5. Bd3 c5 6. c3 b6 7. Qa4 a5 8. Ne2 Ba6 9. Bxa6 Nxa6 10. 0-0 Nc7 11. f4 b5 12. Qc2 f5 13. exf6 Nxf6 14. Ng3 Bd6 15. Nf3 0-0 16. Bd2 Rc8 17. Rae1 b4 18. Qd3 Qd7 19. h3 Rce8 20. Re2 Re7 21. Rfe1 Rfe8 22. Be3 Qc6 23. dxc5 Bxc5 24. Kh2 Bd6 25. Nd4 Qc4 26. Qxc4 dxc4 27. Bd2 Nfd5 28. Nc6 Rf7 29. Nxa5 bxc3 30. bxc3 Bxf4 31. Nxc4 Bxd2 32. Rxd2 Ra8 33. Ne5 Rf4 34. c4 Nb6 35. Re4 Rxe4 36. Nxe4 h6 37. Rb2 Na4 38. Rb4 Ra5 39. Nc6 Ra6 40. Rb8+ Kh7 41. Nb4 Ra5 42. Rc8 Ra7 43. Nc6 Rb7 44. Nd6 Nb6 45. Rd8 1-0

[Event "Rubinstein Memorial 52nd"]
[Site "Polanica Zdroj"]
[Date "2016.08.21"]
[Round "2"]
[White "Faron, Rafal"]
[Black "Kulas, Szymon"]
[Result "1-0"]
[WhiteElo "2008"]
[BlackElo "2210"]
[PlyCount "109"]
[EventDate "2016.08.20"]
[EventType "swiss"]
[EventRounds "10"]
[EventCountry "POL"]
[SourceTitle "CBM 174 Extra"]
[Source "ChessBase"]
[SourceDate "2016.10.10"]
[SourceVersion "1"]
[SourceVersionDate "2016.10.10"]
[SourceQuality "1"]

1. d4 Nf6 2. c4 g6 3. f3 Bg7 4. e4 d6 5. Nc3 0-0 6. Be3 a6 7. Qd2 Nc6 8. Nge2 Rb8 9. Rb1 b5 10. cxb5 axb5 11. b4 e5 12. d5 Ne7 13. Nc1 Bd7 14. Nb3 Nh5 15. Bd3 f5 16. 0-0 f4 17. Ba7 Rb7 18. Bf2 g5 19. Na5 Rb8 20. a4 bxa4 21. b5 g4 22. Bh4 Bf6 23. Bxf6 Rxf6 24. Nc6 Nxc6 25. dxc6 Be6 26. fxg4 Ng7 27. Nd5 Rg6 28. b6 Bxd5 29. exd5 Rxg4 30. bxc7 Qxc7 31. Rxb8+ Qxb8 32. Rb1 Qd8 33. Qb4 Ne8 34. Qxa4 Rg7 35. Be4 Rc7 36. Qd1 Nf6 37. Bf5 Qa8 38. Kh1 Qa7 39. Be6+ Kf8 40. Qe1 Ke7 41. h3 Qa2 42. Ra1 Qb3 43. Qa5 Qb8 44. Qa2 Ne4 45. Qc2 Ng3+ 46. Kh2 Kf6 47. Rb1 Qa7 48. Bd7 Kg7 49. Qb2 Qa8 50. Qb4 Qf8 51. Qa5 f3 52. Qxc7 Qf4 53. Bf5+ Kf6 54. Qd8+ Kxf5 55. Qf8+ 1-0

[Event "Krakow op-A 26th"]
[Site "Krakow"]
[Date "2016.01.02"]
[Round "6"]
[White "Klekowski, Maciej"]
[Black "Kulas, Szymon"]
[Result "1/2-1/2"]
[WhiteElo "2465"]
[BlackElo "2201"]
[PlyCount "86"]
[EventDate "2015.12.27"]
[EventType "swiss"]
[EventRounds "9"]
[EventCountry "POL"]
[SourceTitle "CBM 170 Extra"]
[Source "ChessBase"]
[SourceDate "2016.02.25"]
[SourceVersion "1"]
[SourceVersionDate "2016.02.25"]
[SourceQuality "1"]

1. e4 e6 2. d4 d5 3. Nd2 a6 4. Ngf3 c5 5. exd5 exd5 6. Qe2+ Qe7 7. dxc5 Qxe2+ 8. Bxe2 Bxc5 9. Nb3 Bb6 10. 0-0 Nf6 11. Bg5 Ne4 12. Bh4 Nc6 13. Rad1 Be6 14. Nbd4 Nxd4 15. Nxd4 g5 16. Bg3 Ke7 17. Bf3 Nxg3 18. hxg3 g4 19. Bxd5 Bxd5 20. Nf5+ Ke6 21. Rfe1+ Be4 22. Nd6 f5 23. Nxe4 fxe4 24. Rxe4+ Kf5 25. Rf4+ Ke6 26. Re4+ Kf5 27. Rf4+ Ke6 28. Rb4 Ba7 29. Re4+ Kf5 30. Rf4+ Ke6 31. Re4+ Kf5 32. Rf4+ Ke6 33. Rxg4 Rhf8 34. Re4+ Kf5 35. Re7 Bc5 36. Rd5+ Kf6 37. Rxb7 Bxf2+ 38. Kh2 Rg8 39. Rd3 Kg6 40. c4 Rac8 41. Rd6+ Kg5 42. Rf7 Bc5 43. Rd5+ Kg6 1/2-1/2

[Event "Krakow op-A 26th"]
[Site "Krakow"]
[Date "2015.12.28"]
[Round "2"]
[White "Kulas, Szymon"]
[Black "Markowski, Tomasz"]
[Result "0-1"]
[WhiteElo "2201"]
[BlackElo "2577"]
[PlyCount "56"]
[EventDate "2015.12.27"]
[EventType "swiss"]
[EventRounds "9"]
[EventCountry "POL"]
[SourceTitle "CBM 170 Extra"]
[Source "ChessBase"]
[SourceDate "2016.02.25"]
[SourceVersion "1"]
[SourceVersionDate "2016.02.25"]
[SourceQuality "1"]

1. d4 c5 2. d5 d6 3. c4 g6 4. e4 Bg7 5. Nc3 e6 6. Bf4 e5 7. Be3 Nd7 8. Be2 Ne7 9. g4 0-0 10. Qd2 f5 11. gxf5 gxf5 12. Bh6 Ng6 13. Nh3 Nf6 14. Bxg7 Kxg7 15. Ng5 Nxe4 16. Ncxe4 fxe4 17. 0-0-0 Rf4 18. Rdg1 Qf6 19. h4 Kh8 20. h5 Ne7 21. Qe3 Nf5 22. Qd2 Nd4 23. h6 Bf5 24. Bh5 Bg6 25. Bxg6 hxg6 26. Ne6 Nxe6 27. dxe6 Qxe6 28. b3 Raf8 0-1

[Event "POL-chT3 Dolnoslaskie 1516"]
[Site "Poland"]
[Date "2015.10.18"]
[Round "1.12"]
[White "Kulas, Szymon"]
[Black "Kurtyka, Barbara"]
[Result "1-0"]
[WhiteElo "2184"]
[BlackElo "1916"]
[PlyCount "83"]
[EventDate "2015.10.18"]
[EventType "team-tourn"]
[EventRounds "11"]
[EventCountry "POL"]
[SourceTitle "EXT 2018"]
[Source "ChessBase"]
[SourceDate "2017.10.13"]
[SourceVersion "1"]
[SourceVersionDate "2017.10.13"]
[SourceQuality "1"]

1. d4 d5 2. Nf3 Nf6 3. c4 c6 4. Nc3 Nbd7 5. g3 dxc4 6. Bg2 Nb6 7. 0-0 Bf5 8. Ne5 e6 9. e4 Bg6 10. Be3 Nfd7 11. Nxg6 hxg6 12. d5 cxd5 13. exd5 exd5 14. Re1 Be7 15. Nxd5 Nxd5 16. Qxd5 0-0 17. Rad1 Bb4 18. Rf1 Nb6 19. Qxb7 Qc8 20. Bxb6 Qxb7 21. Bxb7 Rab8 22. Bxa7 Rxb7 23. Bd4 Rd8 24. Be5 Re8 25. Rd5 f6 26. Bd4 Re2 27. Rc1 Rc7 28. a3 Re1+ 29. Rxe1 Bxe1 30. Kf1 Bd2 31. Bxf6 gxf6 32. Rxd2 c3 33. bxc3 Rxc3 34. Ra2 Kf7 35. a4 Rc7 36. a5 Ke6 37. Ke2 g5 38. a6 Ra7 39. Kf3 f5 40. h4 gxh4 41. gxh4 Kf6 42. Kf4 1-0

[Event "Wroclaw op-A 10th"]
[Site "Wroclaw"]
[Date "2015.07.06"]
[Round "6"]
[White "Nguyen, Piotr"]
[Black "Kulas, Szymon"]
[Result "0-1"]
[WhiteElo "2273"]
[BlackElo "2243"]
[PlyCount "76"]
[EventDate "2015.07.03"]
[EventType "swiss"]
[EventRounds "9"]
[EventCountry "POL"]
[SourceTitle "CBM 167 Extra"]
[Source "ChessBase"]
[SourceDate "2015.09.14"]
[SourceVersion "1"]
[SourceVersionDate "2015.09.14"]
[SourceQuality "1"]

1. d4 Nf6 2. Bg5 Ne4 3. Bf4 c5 4. f3 Qa5+ 5. c3 Nf6 6. d5 d6 7. e4 g6 8. Na3 Nbd7 9. Qd2 Bg7 10. g4 h5 11. g5 Nh7 12. Be3 Qc7 13. f4 a6 14. c4 0-0 15. Nf3 b5 16. cxb5 axb5 17. Nxb5 Qb8 18. Kf2 Nb6 19. Be2 f5 20. e5 Rd8 21. exd6 exd6 22. b3 Bb7 23. Bc4 Bxa1 24. Rxa1 Ba6 25. a4 Re8 26. Qc3 Nxc4 27. bxc4 Bxb5 28. cxb5 Re4 29. Bc1 Kf7 30. Bb2 Qg8 31. a5 Rae8 32. Re1 Rxf4 33. Rxe8 Kxe8 34. Qd2 Nxg5 35. Kg2 Rg4+ 36. Kf1 Nxf3 37. Qe2+ Re4 38. Qxf3 Qxd5 0-1

[Event "POL-ch U18"]
[Site "Karpacz"]
[Date "2015.03.22"]
[Round "9"]
[White "Kulas, Szymon"]
[Black "Tomczak, Mikolaj"]
[Result "1-0"]
[WhiteElo "2145"]
[BlackElo "2289"]
[PlyCount "57"]
[EventDate "2015.03.15"]
[EventType "swiss"]
[EventRounds "9"]
[EventCountry "POL"]
[SourceTitle "EXT 2017"]
[Source "ChessBase"]
[SourceDate "2016.10.25"]
[SourceVersion "1"]
[SourceVersionDate "2016.10.25"]
[SourceQuality "1"]

1. e4 c5 2. c3 d5 3. exd5 Qxd5 4. d4 Nf6 5. Nf3 e6 6. Be3 cxd4 7. cxd4 Nc6 8. Nc3 Qd6 9. a3 Be7 10. Bd3 0-0 11. 0-0 b6 12. h3 Bb7 13. Qe2 Rfd8 14. Rad1 Rac8 15. Rfe1 Qb8 16. Bb1 Na5 17. Ne5 Qa8 18. Bg5 Bd5 19. Bxf6 Bxf6 20. Bxh7+ Kxh7 21. Qh5+ Kg8 22. Qxf7+ Kh8 23. Ng6+ Kh7 24. Ne7 Bf3 25. gxf3 Qxf3 26. Re5 Rc5 27. Rd3 Qf4 28. dxc5 Qxe5 29. Qg6+ 1-0

[Event "POL-ch U18"]
[Site "Karpacz"]
[Date "2015.03.20"]
[Round "7"]
[White "Kucza, Karol"]
[Black "Kulas, Szymon"]
[Result "0-1"]
[WhiteElo "2048"]
[BlackElo "2145"]
[PlyCount "44"]
[EventDate "2015.03.15"]
[EventType "swiss"]
[EventRounds "9"]
[EventCountry "POL"]
[SourceTitle "EXT 2017"]
[Source "ChessBase"]
[SourceDate "2016.10.25"]
[SourceVersion "1"]
[SourceVersionDate "2016.10.25"]
[SourceQuality "1"]

1. e4 c5 2. Nf3 d6 3. d4 cxd4 4. Nxd4 Nf6 5. Nc3 Nc6 6. Bc4 e5 7. Nde2 Be7 8. Bg5 Be6 9. Bb3 0-0 10. Bxf6 Bxf6 11. 0-0 Bg5 12. Nd5 Kh8 13. Qd3 f5 14. Ndc3 fxe4 15. Nxe4 d5 16. Nxg5 Qxg5 17. Rad1 Rad8 18. Qb5 e4 19. Qxb7 Bg4 20. Rde1 Bxe2 21. Rxe2 Nd4 22. Re3 Qxe3 0-1

[Event "POL-ch U18"]
[Site "Karpacz"]
[Date "2015.03.15"]
[Round "1"]
[White "Kulas, Szymon"]
[Black "Kanicki, Krzysztof"]
[Result "0-1"]
[WhiteElo "2145"]
[BlackElo "2048"]
[PlyCount "76"]
[EventDate "2015.03.15"]
[EventType "swiss"]
[EventRounds "9"]
[EventCountry "POL"]
[SourceTitle "EXT 2017"]
[Source "ChessBase"]
[SourceDate "2016.10.25"]
[SourceVersion "1"]
[SourceVersionDate "2016.10.25"]
[SourceQuality "1"]

1. d4 d5 2. c4 c6 3. Nf3 Nf6 4. Nc3 e6 5. g3 dxc4 6. Bg2 b5 7. Ne5 Nd5 8. e4 Nxc3 9. bxc3 Bd6 10. Nxc6 Nxc6 11. e5 Bb7 12. exd6 Qxd6 13. Qg4 g6 14. Bg5 f5 15. Qh4 Nd8 16. f3 Qa3 17. 0-0 Qxc3 18. Bh6 Kf7 19. Qf4 e5 20. Qxe5 Ne6 21. Rad1 Rad8 22. Qxb5 Bd5 23. Qa4 a5 24. Kh1 Qb4 25. Qc2 c3 26. Be3 Rb8 27. Bh3 Qc4 28. Rc1 Rhc8 29. Bxf5 Rb2 30. Qd3 gxf5 31. Qxf5+ Ke8 32. Qh5+ Kd8 33. Rfe1 Rc7 34. Bf4 Rd7 35. Be5 Qd3 36. Bf6+ Kc7 37. Rf1 Qb5 38. Rcd1 Qe2 0-1

[Event "POL-chT3 Dolnoslaskie 1415"]
[Site "Poland"]
[Date "2015.02.22"]
[Round "7.3"]
[White "Wrobel, Maciej"]
[Black "Kulas, Szymon"]
[Result "0-1"]
[WhiteElo "1918"]
[BlackElo "2003"]
[PlyCount "119"]
[EventDate "2014.10.26"]
[EventType "team-tourn"]
[EventRounds "11"]
[EventCountry "POL"]
[SourceTitle "EXT 2018"]
[Source "ChessBase"]
[SourceDate "2017.10.13"]
[SourceVersion "1"]
[SourceVersionDate "2017.10.13"]
[SourceQuality "1"]
[WhiteTeam "Olawa MGLKS Parnas"]
[BlackTeam "Wroclaw KS Polonia"]
[WhiteTeamCountry "POL"]
[BlackTeamCountry "POL"]

1. e4 c5 2. Nf3 e6 3. d4 cxd4 4. Nxd4 Nc6 5. Nc3 Qc7 6. Ndb5 Qb8 7. g3 a6 8. Nd4 Nf6 9. Bg2 Be7 10. 0-0 0-0 11. a4 Rd8 12. Re1 d6 13. f4 Nxd4 14. Qxd4 Qc7 15. Be3 Ng4 16. Qb6 Qb8 17. Bd4 Nf6 18. Qa5 Nd7 19. Rad1 b6 20. Qh5 Bb7 21. Qg4 Nf6 22. Qe2 Qc7 23. g4 e5 24. Be3 d5 25. fxe5 Nxe4 26. Nxe4 dxe4 27. Bf4 Bc5+ 28. Kh1 e3 29. Bxe3 Bxe3 30. Rxd8+ Rxd8 31. Qxe3 Bxg2+ 32. Kxg2 Qxc2+ 33. Re2 Qc6+ 34. Qf3 Qxa4 35. e6 fxe6 36. Rxe6 Rf8 37. Qe2 Qd4 38. h3 h6 39. Re7 Qd5+ 40. Kg3 Qd6+ 41. Kg2 a5 42. Qc4+ Kh8 43. Rf7 Qd2+ 44. Kg3 Qe1+ 45. Kg2 Re8 46. Rf2 Qe4+ 47. Qxe4 Rxe4 48. Kf3 Rb4 49. h4 h5 50. g5 Rxh4 51. Rd2 Rg4 52. Rd5 Kh7 53. g6+ Kxg6 54. Rd6+ Kg5 55. Rxb6 Rb4 56. Ra6 Rb3+ 57. Ke4 Rxb2 58. Rxa5+ Kg4 59. Ra1 Rg2 60. Ke3 0-1

[Event "Marianske Lazne op 14th"]
[Site "Marianske Lazne"]
[Date "2015.01.24"]
[Round "9"]
[White "Kulas, Szymon"]
[Black "Strebkovs, Andrejs"]
[Result "1-0"]
[WhiteElo "2015"]
[BlackElo "2335"]
[PlyCount "73"]
[EventDate "2015.01.17"]
[EventType "swiss"]
[EventRounds "9"]
[EventCountry "CZE"]
[SourceTitle "CBM 164 Extra"]
[Source "ChessBase"]
[SourceDate "2015.03.02"]
[SourceVersion "1"]
[SourceVersionDate "2015.03.02"]
[SourceQuality "1"]

1. e4 g6 2. d4 d6 3. Nc3 c6 4. h3 e5 5. Nf3 Bg7 6. Be3 Nd7 7. a4 Ngf6 8. Bc4 0-0 9. dxe5 dxe5 10. 0-0 Qe7 11. Nd2 Nh5 12. Nb3 Nf4 13. Qf3 Kh8 14. Rfe1 Ne6 15. Rad1 f5 16. Bxe6 Qxe6 17. Nc5 Qe7 18. Nxd7 Bxd7 19. Bc5 Qxc5 20. Rxd7 fxe4 21. Qe3 Qb4 22. Nxe4 Rad8 23. Red1 Rxd7 24. Rxd7 Qxa4 25. Ng5 Qa1+ 26. Kh2 Qxb2 27. Ne6 Rg8 28. c3 Qb6 29. Rxg7 Qxe3 30. Rxg8+ Kxg8 31. fxe3 Kf7 32. Nd8+ Kf6 33. Nxb7 Kf5 34. Nc5 e4 35. Kg3 Ke5 36. c4 a5 37. Kf2 1-0

[Event "Marianske Lazne op 14th"]
[Site "Marianske Lazne"]
[Date "2015.01.20"]
[Round "4"]
[White "Kulas, Szymon"]
[Black "Nguyen, Thai Dai Van"]
[Result "1/2-1/2"]
[WhiteElo "2015"]
[BlackElo "2212"]
[PlyCount "83"]
[EventDate "2015.01.17"]
[EventType "swiss"]
[EventRounds "9"]
[EventCountry "CZE"]
[SourceTitle "CBM 164 Extra"]
[Source "ChessBase"]
[SourceDate "2015.03.02"]
[SourceVersion "1"]
[SourceVersionDate "2015.03.02"]
[SourceQuality "1"]

1. c4 e5 2. Nc3 Nf6 3. g3 d5 4. cxd5 Nxd5 5. Bg2 Nb6 6. Nf3 Nc6 7. 0-0 Be7 8. a3 0-0 9. b4 Be6 10. Rb1 f6 11. d3 a5 12. b5 Nd4 13. Nd2 Rb8 14. e3 Nf5 15. Nde4 Nh6 16. d4 Nd7 17. d5 Bg4 18. f3 Bf5 19. b6 Bxe4 20. Nxe4 Nf7 21. bxc7 Qxc7 22. Rf2 Nd6 23. Rc2 Qd8 24. Nxd6 Bxd6 25. a4 f5 26. f4 exf4 27. exf4 Nc5 28. Qd4 Qe7 29. Ba3 b6 30. Bf3 Rfe8 31. Re2 Qd7 32. Kg2 Rxe2+ 33. Bxe2 Qe7 34. Bf3 h6 35. Rb2 Qd7 36. Re2 Re8 37. Bxc5 bxc5 38. Qc4 Rxe2+ 39. Qxe2 Kh7 40. Qc2 g6 41. h4 h5 42. Qc4 1/2-1/2

[Event "POL-chT3 Dolnoslaskie 1415"]
[Site "Poland"]
[Date "2014.12.14"]
[Round "4.2"]
[White "Marko, Piotr"]
[Black "Kulas, Szymon"]
[Result "0-1"]
[WhiteElo "1703"]
[BlackElo "2003"]
[PlyCount "104"]
[EventDate "2014.10.26"]
[EventType "team-tourn"]
[EventRounds "11"]
[EventCountry "POL"]
[SourceTitle "EXT 2018"]
[Source "ChessBase"]
[SourceDate "2017.10.13"]
[SourceVersion "1"]
[SourceVersionDate "2017.10.13"]
[SourceQuality "1"]
[WhiteTeam "Wroclaw MUKS MDK Fabryczna"]
[BlackTeam "Wroclaw KS Polonia"]
[WhiteTeamCountry "POL"]
[BlackTeamCountry "POL"]

1. e4 c5 2. Nf3 d6 3. d4 cxd4 4. Nxd4 Nf6 5. Nc3 Nc6 6. Bc4 Bd7 7. 0-0 g6 8. Bg5 Bg7 9. Nxc6 bxc6 10. Re1 Qc7 11. Qf3 0-0 12. Rad1 Bg4 13. Qe3 Bxd1 14. Rxd1 Qb6 15. Qf3 Qc5 16. e5 dxe5 17. Bb3 Rad8 18. Re1 e4 19. Qg3 Qa5 20. Qe3 h6 21. Bxf6 exf6 22. Qxe4 Qe5 23. g3 Rde8 24. Kf1 f5 25. Qxe5 Bxe5 26. Na4 f4 27. Bc4 fxg3 28. hxg3 Bf6 29. Rd1 Rd8 30. Bd3 Rfe8 31. Rb1 a5 32. Nc5 Bd4 33. Ne4 f5 34. Ng5 Kg7 35. Bc4 Rd6 36. Nf3 Bf6 37. Bd3 h5 38. a4 Rh8 39. Kg2 h4 40. gxh4 Bxh4 41. Nxh4 Rxh4 42. b3 Rd8 43. Re1 Kf6 44. Re3 g5 45. Kg1 Rdh8 46. Kf1 R8h7 47. Re8 Rh1+ 48. Kg2 R7h2+ 49. Kf3 g4+ 50. Kg3 Rh3+ 51. Kg2 f4 52. Rf8+ Kg5 0-1

[Event "POL-chT U19 2nd League"]
[Site "Szczyrk"]
[Date "2014.07.30"]
[Round "8.61"]
[White "Ruttar, Lukasz"]
[Black "Kulas, Szymon"]
[Result "0-1"]
[WhiteElo "1507"]
[BlackElo "2005"]
[PlyCount "40"]
[EventDate "2014.07.25"]
[EventType "team-swiss"]
[EventRounds "11"]
[EventCountry "POL"]
[SourceTitle "EXT 2015"]
[Source "ChessBase"]
[SourceDate "2014.11.20"]
[SourceVersion "1"]
[SourceVersionDate "2014.11.20"]
[SourceQuality "1"]
[WhiteTeam "Gorlice GKSz Kornuty U19"]
[BlackTeam "Wroclaw KS Polonia U19 II"]
[WhiteTeamCountry "POL"]
[BlackTeamCountry "POL"]

1. e4 c5 2. Nf3 e6 3. d4 cxd4 4. Nxd4 Nc6 5. Nc3 Qc7 6. Be2 a6 7. Be3 Nf6 8. a3 b5 9. f3 Bb7 10. 0-0 Bd6 11. g3 Nxd4 12. Bxd4 h5 13. Bxf6 gxf6 14. f4 h4 15. Bf3 hxg3 16. hxg3 0-0-0 17. Ne2 Rh7 18. Kf2 Bc5+ 19. Ke1 Rh2 20. Kd2 d5 0-1

[Event "POL-chT U19 2nd League"]
[Site "Szczyrk"]
[Date "2014.07.26"]
[Round "3.61"]
[White "Kulas, Szymon"]
[Black "Drabek, Jan"]
[Result "1-0"]
[WhiteElo "2005"]
[BlackElo "1632"]
[PlyCount "55"]
[EventDate "2014.07.25"]
[EventType "team-swiss"]
[EventRounds "11"]
[EventCountry "POL"]
[SourceTitle "EXT 2015"]
[Source "ChessBase"]
[SourceDate "2014.11.20"]
[SourceVersion "1"]
[SourceVersionDate "2014.11.20"]
[SourceQuality "1"]
[WhiteTeam "Wroclaw KS Polonia U19 II"]
[BlackTeam "Krosno KKSz Urania U19"]
[WhiteTeamCountry "POL"]
[BlackTeamCountry "POL"]

1. d4 g6 2. c4 Bg7 3. Nc3 c5 4. d5 Bxc3+ 5. bxc3 f5 6. e4 fxe4 7. f3 Qa5 8. Qc2 Nf6 9. fxe4 Nxe4 10. Bd3 Nf6 11. Nf3 d6 12. 0-0 Nbd7 13. Bg5 Kd8 14. Rae1 Re8 15. Re2 a6 16. Rfe1 b5 17. Bf4 bxc4 18. Ng5 Nb6 19. Nf7+ Kd7 20. Bf5+ gxf5 21. Qxf5+ Kc7 22. Rxe7+ Rxe7 23. Rxe7+ Nfd7 24. Bxd6+ Kb7 25. Nd8+ Ka7 26. Nc6+ Kb7 27. Nxa5+ Ka7 28. Bxc5 1-0

[Event "POL-chT U19 2nd League"]
[Site "Szczyrk"]
[Date "2014.07.26"]
[Round "2.7"]
[White "Tomaszewski, Kacper"]
[Black "Kulas, Szymon"]
[Result "1/2-1/2"]
[WhiteElo "2012"]
[BlackElo "2005"]
[PlyCount "80"]
[EventDate "2014.07.25"]
[EventType "team-swiss"]
[EventRounds "11"]
[EventCountry "POL"]
[SourceTitle "EXT 2015"]
[Source "ChessBase"]
[SourceDate "2014.11.20"]
[SourceVersion "1"]
[SourceVersionDate "2014.11.20"]
[SourceQuality "1"]
[WhiteTeam "Rydultowy Ognisko U19"]
[BlackTeam "Wroclaw KS Polonia U19 II"]
[WhiteTeamCountry "POL"]
[BlackTeamCountry "POL"]

1. d4 Nf6 2. c4 g6 3. Nc3 Bg7 4. e4 d6 5. Be2 0-0 6. Nf3 Bg4 7. 0-0 Nfd7 8. Be3 Nc6 9. h3 Bxf3 10. Bxf3 e5 11. dxe5 dxe5 12. g3 Nd4 13. Bg2 c6 14. f4 Nb6 15. b3 Qe7 16. Rc1 Rad8 17. Qe1 Nd7 18. Qf2 Nc5 19. Rcd1 a5 20. f5 Rd6 21. g4 Bf6 22. Kh1 Rfd8 23. Qb2 b6 24. Qc1 g5 25. Qb2 Kg7 26. Ne2 Nxe2 27. Qxe2 Rxd1 28. Rxd1 Rxd1+ 29. Qxd1 Qd8 30. Qxd8 Bxd8 31. Bxc5 bxc5 32. a4 f6 33. Kg1 Kf7 34. Kf2 Ke7 35. Kg3 Kd6 36. h4 h6 37. hxg5 hxg5 38. Bf3 Be7 39. Bd1 Bd8 40. Bc2 Bc7 1/2-1/2

[Event "Wroclaw op 9th"]
[Site "Wroclaw"]
[Date "2014.07.01"]
[Round "5"]
[White "Kulas, Szymon"]
[Black "Djuric, Stefan"]
[Result "1/2-1/2"]
[WhiteElo "2005"]
[BlackElo "2393"]
[PlyCount "121"]
[EventDate "2014.06.29"]
[EventType "swiss"]
[EventRounds "9"]
[EventCountry "POL"]
[SourceTitle "EXT 2015"]
[Source "ChessBase"]
[SourceDate "2014.11.20"]
[SourceVersion "1"]
[SourceVersionDate "2014.11.20"]
[SourceQuality "1"]

1. e4 c5 2. c3 d6 3. d4 Nd7 4. Nf3 e6 5. Bd3 Ngf6 6. 0-0 Be7 7. Bf4 a6 8. a4 b6 9. h3 Bb7 10. Nbd2 cxd4 11. cxd4 0-0 12. Qe2 Nh5 13. Bh2 g6 14. Nc4 d5 15. Nd6 Bxd6 16. Bxd6 dxe4 17. Bxe4 Bxe4 18. Qxe4 Re8 19. Qb7 Nhf6 20. Ne5 Nxe5 21. dxe5 Nd5 22. Rfd1 a5 23. Ra3 Qc8 24. Qxc8 Rexc8 25. Rad3 Rc2 26. b3 Rac8 27. g3 Kg7 28. Kf1 g5 29. Kg1 Kg6 30. Kf1 h5 31. Rd4 Rb2 32. R1d3 Rcc2 33. Rf3 Rb1+ 34. Kg2 Rcc1 35. Rfd3 Rh1 36. Bf8 Rbg1+ 37. Kf3 Rxh3 38. Rxd5 exd5 39. Rxd5 g4+ 40. Kf4 Rh2 41. Rd6+ Kh7 42. Rh6+ Kg8 43. Be7 Rxf2+ 44. Kg5 Rxg3 45. Rxb6 Kg7 46. Bf6+ Kh7 47. Rb8 Rxf6 48. exf6 Rc3 49. Rb5 g3 50. Kh4 Kg6 51. Rxa5 Rxb3 52. Rg5+ Kxf6 53. Rxg3 Rb4+ 54. Kxh5 Rxa4 55. Rf3+ Ke6 56. Kg5 Ra5+ 57. Kg4 f5+ 58. Kg5 Re5 59. Ra3 Rd5 60. Re3+ Re5 61. Ra3 1/2-1/2